00602cam a22001931 450000100060000000300080000600500170001400800410003103500190007204000410009104100080013208200210014010000230016124500930018426000510027730000210032850400360034965000230038528822BD-RjUL20211209051332.0140401s1959 enk b 001 0 eng d a(BD-RjUL)28906 aDLCcODaWUdOCoLCdDLCdBD-RjULbeng aeng00a149.94bWEL 19601 aWeinberg, Harry L.10aLevels of knowing and existence :bstudies in general semantics /cby Harry L. Weinberg aGreat Britain :bHodder and stoughtion,c1960. a274 p. ;c22 cm. aIncludes bibliography and index 0aGeneral semantics.